[Event "38th Olympiad w"]
[Site "Dresden GER"]
[Date "2008.11.25"]
[Round "11"]
[White "Owens,M"]
[Black "Gao,J"]
[Result "0-1"]
[WhiteElo "1783"]
[BlackElo "1896"]
[EventDate "2008.11.13"]

1. d4 f5 2. c4 e6 3. Nc3 Nf6 4. g3 g6 5. Bg2 Bg7 6. Nf3 d6 7. O-O O-O 8.
Re1 Nbd7 9. Ng5 Nb6 10. d5 e5 11. Ne6 Bxe6 12. dxe6 c6 13. Qb3 Qe7 14. a4
Qxe6 15. a5 Nxc4 16. Qxb7 d5 17. Bg5 Rfb8 18. Qa6 Ne4 19. Bxe4 fxe4 20.
Rad1 Qc8 21. Qxc8+ Rxc8 22. b4 Rab8 23. b5 d4 24. Nxe4 cxb5 25. Ra1 a6 26.
Reb1 Kf7 27. Rb3 h6 28. Bc1 Rc6 29. g4 Rbc8 30. Kg2 Nd6 31. Nxd6+ Rxd6 32.
g5 h5 33. Ba3 Rdc6 34. Ra2 e4 35. Rbb2 Rc4 36. Rd2 Be5 37. f3 Bf4 38. Rd1
exf3+ 39. Kxf3 Bxg5 40. Rd3 Be3 41. Bd6 g5 42. Ra1 Ke6 43. Rad1 Rc1 44.
Rxc1 Rxc1 45. Bg3 Ra1 46. Rb3 Rxa5 47. Rb2 Ra3 48. Ke4 h4 49. Bc7 Bg1 50.
Rc2 Re3+ 51. Kxd4 0-1

[Event "38th Olympiad w"]
[Site "Dresden GER"]
[Date "2008.11.25"]
[Round "11"]
[White "Ramirez M.,E"]
[Black "Mezioud,A"]
[Result "0-1"]
[WhiteElo "2016"]
[BlackElo "2028"]
[EventDate "2008.11.13"]

1. e4 e5 2. Nf3 d6 3. d4 exd4 4. Nxd4 Nf6 5. Nc3 Be7 6. Bd3 O-O 7. O-O Re8
8. h3 c6 9. Be3 Bf8 10. Bg5 Nbd7 11. Nf5 a5 12. a4 Nc5 13. Ng3 h6 14. Bxf6
Qxf6 15. Bc4 Ne6 16. Nh5 Qh4 17. Bxe6 Bxe6 18. Qf3 Bc4 19. Rfe1 Re5 20. g4
Rae8 21. Qg3 Qxg3+ 22. Nxg3 d5 23. f3 Bb4 24. Red1 Bxc3 25. bxc3 dxe4 26.
Nxe4 Be2 27. Rd7 Bxf3 28. Nd6 Rd5 29. Rf1 Re3 30. Rd8+ Kh7 31. Nxb7 Rxd8
32. Nxd8 Rxc3 33. Nb7 Bd5 34. Nxa5 Rxc2 35. Rd1 Rg2+ 36. Kf1 Rg3 37. Kf2
Rxh3 38. Rd4 Rh2+ 39. Kg3 Rb2 40. Kf4 g5+ 41. Ke5 Re2+ 42. Kd6 Bf3 43. Nxc6
Re6+ 0-1

[Event "38th Olympiad w"]
[Site "Dresden GER"]
[Date "2008.11.25"]
[Round "11"]
[White "Hamza,A"]
[Black "Cordero,D"]
[Result "0-1"]
[WhiteElo "1880"]
[BlackElo "1990"]
[EventDate "2008.11.13"]

1. d4 d5 2. c4 c6 3. Nc3 Nf6 4. Nf3 a6 5. e3 b5 6. cxd5 cxd5 7. Bd3 Bg4 8.
O-O e6 9. Bd2 Be7 10. Rc1 O-O 11. Ne2 Nbd7 12. Ng3 h5 13. h3 h4 14. hxg4
hxg3 15. fxg3 Nxg4 16. Nh2 Ngf6 17. Qf3 e5 18. Bf5 e4 19. Qf2 g6 20. Bxd7
Qxd7 21. Ba5 Rac8 22. Bb6 Qe6 23. Bc5 Bxc5 24. Qxf6 Qxf6 25. Rxf6 Bxd4 26.
Rxc8 Bxe3+ 27. Kf1 Rxc8 28. Rxa6 d4 29. Rb6 d3 30. Rxb5 Rc1+ 0-1

[Event "38th Olympiad w"]
[Site "Dresden GER"]
[Date "2008.11.25"]
[Round "11"]
[White "Barrenechea,S"]
[Black "Latreche,S"]
[Result "1-0"]
[WhiteElo "1994"]
[BlackElo "2015"]
[EventDate "2008.11.13"]

1. d4 d5 2. c4 e6 3. Nf3 Nf6 4. Nc3 Nbd7 5. Bg5 Be7 6. e3 O-O 7. cxd5 Nxd5
8. Bxe7 Qxe7 9. e4 Nxc3 10. bxc3 e5 11. Bd3 Rd8 12. O-O exd4 13. cxd4 c5
14. d5 Ne5 15. Nxe5 Qxe5 16. Qe2 f5 17. Qh5 Rd6 18. h3 g6 19. Qg5 Qd4 20.
Qe7 Rd7 21. Qe8+ Kg7 22. Bb5 Rf7 23. Rad1 Qxe4 24. d6 a6 25. Qxe4 fxe4 26.
d7 Bxd7 27. Bxd7 Rd8 28. Be6 Rxd1 29. Rxd1 Re7 30. Rd7 Rxd7 31. Bxd7 Kf6
32. Bc8 Ke5 33. Bxb7 c4 34. Kf1 a5 35. Ke1 Kd4 36. Kd2 g5 37. Bc6 h5 38.
Bd7 h4 39. a3 c3+ 40. Kc2 Kc4 41. Bc6 Kd4 42. a4 Kc5 43. Bxe4 Kb4 44. Bc6
1-0

[Event "38th Olympiad w"]
[Site "Dresden GER"]
[Date "2008.11.25"]
[Round "11"]
[White "Solomons,A"]
[Black "Saleh,No"]
[Result "1-0"]
[WhiteElo "1908"]
[BlackElo "1876"]
[EventDate "2008.11.13"]

1. d4 d5 2. c4 e6 3. Nc3 Nf6 4. Bg5 Nbd7 5. Nf3 Be7 6. cxd5 exd5 7. e3 c6
8. Bd3 O-O 9. Qc2 Re8 10. O-O Nf8 11. h3 Ne4 12. Bf4 Ng5 13. Bxg5 Bxg5 14.
Bf5 Bf6 15. Bxc8 Rxc8 16. b4 Ne6 17. Qb3 a6 18. a4 Be7 19. b5 axb5 20. axb5
f6 21. bxc6 bxc6 22. Rfb1 Kh8 23. Ra6 Qd7 24. Qa4 Nd8 25. Rbb6 Bf8 26. Qc2
c5 27. Qa4 Qxa4 28. Nxa4 cxd4 29. Nxd4 Kg8 30. Rb5 Re5 31. Raa5 Bd6 32. g3
Rc1+ 33. Kg2 Rc4 34. Nb6 Rc7 35. Nxd5 Rf7 36. Nc3 Rxb5 37. Rxb5 Rd7 38. Rd5
g6 39. Ndb5 Nf7 40. Ne4 Kf8 41. Nexd6 Rd8 42. Rd4 Ne5 43. Ne4 Rb8 44. Nc7
Ke7 1-0

[Event "38th Olympiad w"]
[Site "Dresden GER"]
[Date "2008.11.25"]
[Round "11"]
[White "Bukhashem,F"]
[Black "Greeff,M"]
[Result "0-1"]
[WhiteElo "1740"]
[BlackElo "1963"]
[EventDate "2008.11.13"]

1. e4 c5 2. Nf3 e6 3. d4 cxd4 4. Nxd4 a6 5. Nc3 Qc7 6. Be2 Nc6 7. Be3 Nf6
8. O-O Bb4 9. Bd3 d6 10. Nce2 Bc5 11. Nxc6 Qxc6 12. Nc3 b5 13. Bg5 Nd7 14.
e5 d5 15. Qe2 Bd4 16. Qd2 Bxe5 17. f4 Bd6 18. f5 e5 19. Ne4 dxe4 20. Bxe4
Bc5+ 21. Kh1 Qxe4 22. Rae1 Qd4 23. Qa5 O-O 24. Re3 Qc4 25. Ree1 Bb4 0-1

[Event "38th Olympiad w"]
[Site "Dresden GER"]
[Date "2008.11.25"]
[Round "11"]
[White "Jamila,J"]
[Black "Sischy,M"]
[Result "0-1"]
[WhiteElo "1744"]
[BlackElo "1965"]
[EventDate "2008.11.13"]

1. d4 Nf6 2. c4 g6 3. Nc3 Bg7 4. e4 d6 5. f4 O-O 6. Nf3 c5 7. d5 e6 8. Be2
a6 9. a4 Qe7 10. Qc2 Re8 11. Nd2 exd5 12. cxd5 Ng4 13. Nc4 Qd8 14. O-O Bd4+
15. Kh1 Nf2+ 16. Kg1 Nxe4+ 17. Kh1 Nf2+ 18. Kg1 Qh4 19. Be3 Rxe3 20. Nxe3
Bxe3 21. Rxf2 Qxf2+ 22. Kh1 Bf5 23. Qb3 Nd7 24. Rf1 Qh4 25. g3 Qh3 26. Re1
Bf2 27. Bf1 Qh6 0-1

[Event "38th Olympiad w"]
[Site "Dresden GER"]
[Date "2008.11.25"]
[Round "11"]
[White "Munoz,Ca"]
[Black "Wijesuriya,GV"]
[Result "1-0"]
[WhiteElo "2026"]
[BlackElo "1937"]
[EventDate "2008.11.13"]

1. e4 e6 2. d4 d5 3. Nd2 Nf6 4. e5 Nfd7 5. c3 c5 6. Bd3 c4 7. Bc2 b5 8. f4
f5 9. exf6 Nxf6 10. Ngf3 Bd6 11. Ne5 Qb6 12. O-O Nc6 13. Kh1 a5 14. Qe2 Ra7
15. g4 g6 16. g5 Bxe5 17. gxf6 Bxf6 18. f5 gxf5 19. Rxf5 O-O 20. Rh5 Rg7
21. Nf3 Rff7 22. Bh6 e5 23. Bxg7 Rxg7 24. Rg1 Qc7 25. Rxg7+ Bxg7 26. Bxh7+
Kf8 27. Nxe5 Nxe5 28. dxe5 Qf7 29. Kg1 Ke7 30. e6 Qf4 31. Rf5 Qc1+ 32. Kg2
Bxe6 33. Rxd5 Qh6 34. Rh5 Qf4 35. Bf5 Be5 36. Bxe6 Kxe6 37. Qxe5+ Qxe5 38.
Rxe5+ Kxe5 39. Kf3 b4 40. Ke3 Kd5 41. h4 Kc5 42. h5 a4 43. cxb4+ Kxb4 44.
h6 a3 45. bxa3+ Kxa3 46. Ke4 1-0

[Event "38th Olympiad w"]
[Site "Dresden GER"]
[Date "2008.11.25"]
[Round "11"]
[White "Trejos,S"]
[Black "Perera,A"]
[Result "0-1"]
[WhiteElo "2052"]
[BlackElo "1828"]
[EventDate "2008.11.13"]

1. e4 e5 2. Nf3 Nc6 3. Bb5 a6 4. Ba4 Bc5 5. O-O d6 6. Re1 Qf6 7. d3 Bg4 8.
Nbd2 b5 9. Bb3 Nd4 10. c3 Nxb3 11. Qxb3 Ne7 12. a4 c6 13. Qc2 O-O 14. b4
Ba7 15. Bb2 Ng6 16. h3 Bd7 17. c4 c5 18. axb5 axb5 19. bxc5 Bxc5 20. Nb3
Bb6 21. c5 dxc5 22. Nxc5 Rac8 23. Ba3 Bxh3 24. gxh3 Qxf3 25. Re3 Qf6 26.
Rc1 Qd6 27. Qc3 Nf4 28. Bb4 Qg6+ 29. Rg3 Ne2+ 30. Kf1 Nxg3+ 31. fxg3 Qxg3
32. Rc2 Rfd8 33. Rg2 Qf3+ 34. Kg1 Qe3+ 35. Kh1 Bxc5 36. Qxe5 Qxh3+ 37. Rh2
Qf1+ 0-1

[Event "38th Olympiad w"]
[Site "Dresden GER"]
[Date "2008.11.25"]
[Round "11"]
[White "Mona,K"]
[Black "Ryvova,A"]
[Result "1-0"]
[WhiteElo "1967"]
[BlackElo "2009"]
[EventDate "2008.11.13"]

1. d4 d5 2. Nf3 Nf6 3. e3 e6 4. Bd3 c5 5. c3 Nc6 6. Nbd2 b6 7. O-O Bb7 8.
Ne5 Bd6 9. f4 O-O 10. g4 Ne7 11. Qf3 Ng6 12. g5 Nd7 13. Qh5 Ndxe5 14. dxe5
Bc7 15. Rf3 Re8 16. Rh3 d4 17. Qxh7+ Kf8 18. Bxg6 Bxe5 19. fxe5 Qxg5+ 20.
Rg3 Qxe5 21. cxd4 cxd4 22. b3 Rec8 23. Ba3+ Rc5 24. Rf1 f5 25. Bxf5 dxe3
26. Be4+ 1-0

[Event "38th Olympiad w"]
[Site "Dresden GER"]
[Date "2008.11.25"]
[Round "11"]
[White "Gerasimova,O"]
[Black "Alaa el Din,Y"]
[Result "1-0"]
[WhiteElo "2316"]
[BlackElo "1959"]
[EventDate "2008.11.13"]

1. e4 e6 2. d4 d5 3. Nd2 Nf6 4. e5 Nfd7 5. f4 c5 6. c3 Nc6 7. Ndf3 Qb6 8.
Ne2 f6 9. g3 cxd4 10. cxd4 fxe5 11. fxe5 Bb4+ 12. Bd2 Bxd2+ 13. Qxd2 Nf8
14. Bh3 Qb4 15. Qxb4 Nxb4 16. Kd2 Bd7 17. a3 Nc6 18. b4 h6 19. Rac1 Rc8 20.
Nc3 Ne7 21. Rc2 Nfg6 22. Rhc1 O-O 23. Bg2 Nf5 24. Ne2 Rxc2+ 25. Rxc2 Rc8
26. Rxc8+ Bxc8 27. h4 Kf7 28. Bh3 Nfe7 29. g4 Nf8 30. Nf4 Nc6 31. g5 Ne7
32. h5 hxg5 33. Nxg5+ Ke8 34. Ngxe6 Nxe6 35. Bxe6 Bxe6 36. Nxe6 Kf7 37. Nf4
Nf5 38. Kd3 Ne7 39. b5 b6 40. a4 Kg8 41. Ng6 Nf5 42. e6 Ng3 43. Ne7+ Kf8
44. Nxd5 Nxh5 45. Ke3 g5 46. Nb4 Ke7 47. d5 Nf6 48. Kd4 Kd6 49. Ke3 Ke7 50.
Kd3 Kd6 51. Kd4 g4 52. Ke3 g3 53. Kf3 Ne4 54. Nc6 Kxd5 55. e7 Nd6 56. Nxa7
Ke6 57. Nc8 Ne8 58. Kxg3 Kd7 59. Nxb6+ Kxe7 60. Kf4 Kd6 61. Nc8+ Kc7 62.
Ne7 Nd6 63. Nd5+ Kb7 64. Ke5 Nc4+ 65. Kd4 Nd6 66. Nc3 Kb6 67. Kd5 Nb7 68.
Ne4 Kc7 69. Nc5 Na5 70. Ne4 Nb7 71. Nd2 Kd7 72. Nc4 Kc7 73. b6+ Kb8 74. a5
Nd8 75. a6 Kc8 76. Ne5 1-0

[Event "38th Olympiad w"]
[Site "Dresden GER"]
[Date "2008.11.25"]
[Round "11"]
[White "Melnik,G"]
[Black "Sahl,S"]
[Result "0-1"]
[WhiteElo "2062"]
[BlackElo "2219"]
[EventDate "2008.11.13"]

1. d4 d5 2. Nf3 c6 3. c4 Nf6 4. Nc3 dxc4 5. a4 Bf5 6. e3 e6 7. Bxc4 Bb4 8.
O-O O-O 9. Qe2 h6 10. Rd1 Nbd7 11. h3 Qe7 12. e4 Bh7 13. e5 Nd5 14. Ne4 f6
15. exf6 N7xf6 16. Ng3 Bd6 17. Ne5 c5 18. dxc5 Bxc5 19. Bd3 Qc7 20. Ng6
Bxg6 21. Bxg6 Qxg3 22. Qxe6+ Kh8 23. Qf5 Bxf2+ 24. Qxf2 Qxg6 25. Ra3 b6 26.
Rf3 Rfc8 27. Rfd3 Rxc1 28. Rxd5 Rxd1+ 29. Rxd1 Rc8 30. Qf3 Kh7 31. Rd2 Rc1+
32. Kh2 Qb1 33. Re2 Rh1+ 34. Kg3 Qg6+ 35. Kf2 Rc1 36. Re7 a5 37. g4 Rc2+
38. Kf1 Rxb2 0-1

[Event "38th Olympiad w"]
[Site "Dresden GER"]
[Date "2008.11.25"]
[Round "11"]
[White "Bjerke,S"]
[Black "Zykina,N"]
[Result "1/2-1/2"]
[WhiteElo "2204"]
[BlackElo "2108"]
[EventDate "2008.11.13"]

1. e4 Nc6 2. Nf3 d5 3. exd5 Qxd5 4. Nc3 Qa5 5. d4 Bg4 6. Bb5 e6 7. h3 Bh5
8. Bd2 Bb4 9. Qe2 a6 10. Bxc6+ bxc6 11. Qe5 Qxe5+ 12. Nxe5 Ne7 13. Ne4
Bxd2+ 14. Kxd2 f6 15. Nd3 Bf7 16. Nec5 Nf5 17. c3 O-O 18. f4 Ng3 19. Rhe1
Rfe8 20. Re3 Nf5 21. Re2 Ng3 22. Re3 Nf5 23. Re2 Ng3 24. Re3 Nf5 1/2-1/2

[Event "38th Olympiad w"]
[Site "Dresden GER"]
[Date "2008.11.25"]
[Round "11"]
[White "Jennitha,A"]
[Black "Tjolsen,K"]
[Result "1/2-1/2"]
[WhiteElo "1998"]
[BlackElo "2110"]
[EventDate "2008.11.13"]

1. e4 c5 2. Nf3 Nc6 3. d4 cxd4 4. Nxd4 g6 5. Be3 Nf6 6. Nc3 Bg7 7. Bc4 Qa5
8. O-O O-O 9. Bb3 d6 10. h3 Bd7 11. f3 Nxd4 12. Bxd4 Bc6 13. Qe1 Nd7 14.
Bxg7 Kxg7 15. Nd5 Qc5+ 16. Qf2 Bxd5 17. Bxd5 e6 18. Bb3 Rfd8 19. c3 Qxf2+
20. Kxf2 Kf6 21. Rad1 Ke7 22. Rd2 a5 23. a3 a4 24. Bc2 g5 25. Rd4 Nc5 26.
Rfd1 h5 27. Ke3 h4 28. Rb4 Ra6 29. Bd3 Ra5 30. Bc2 f6 31. Rb6 Raa8 32. Rb4
Ra6 33. Bd3 Ra5 34. Rb5 Rxb5 35. Bxb5 Ra8 36. Rd4 Ra5 37. Rb4 Kd8 38. Bd3
Kc7 39. Rb5 Ra8 40. Bc2 Kc6 41. Rb4 Ra6 42. Bd3 Ra5 43. Bc2 Rb5 44. c4 Rb6
45. Rxb6+ Kxb6 46. f4 e5 47. fxg5 fxg5 48. Kf3 Ne6 49. Bxa4 Kc5 50. Bd7 Nf4
51. b3 Kd4 52. Bf5 Kc3 53. a4 Kxb3 54. a5 Kxc4 55. Bc8 Kb5 56. Bxb7 Kxa5
57. Bc8 Kb6 58. g3 hxg3 59. Kxg3 Kc5 60. Kg4 Kd4 61. Bf5 Ke3 62. Kxg5 Nxh3+
63. Bxh3 Kxe4 64. Bg2+ Kd4 65. Kg4 e4 66. Kf4 d5 67. Bf1 Kc3 68. Ke3 Kc2
1/2-1/2

[Event "38th Olympiad w"]
[Site "Dresden GER"]
[Date "2008.11.25"]
[Round "11"]
[White "Jorgensen,L"]
[Black "Gerasimova,S"]
[Result "0-1"]
[WhiteElo "1946"]
[BlackElo "1905"]
[EventDate "2008.11.13"]

1. d4 Nf6 2. c4 c5 3. d5 e6 4. Nc3 d6 5. g3 exd5 6. cxd5 g6 7. Bg2 Bg7 8.
e4 O-O 9. Nge2 Na6 10. O-O Nc7 11. a4 Rb8 12. Qd3 b6 13. h3 a6 14. Be3 Nd7
15. f4 b5 16. a5 c4 17. Qd2 Nc5 18. Bxc5 dxc5 19. Kh2 Ne6 20. e5 f6 21. Qe3
Nd4 22. e6 Re8 23. Nxd4 cxd4 24. Qxd4 Bxe6 25. Qc5 Bf5 26. d6 Qc8 27. Qxc8
Bxc8 28. Nd5 Bb7 29. Ne7+ Kf8 30. f5 Bxg2 31. Kxg2 Rbd8 32. Rad1 gxf5 33.
Kf3 Kf7 34. Kf4 Bf8 35. Kxf5 Bxe7 36. dxe7 Rxd1 37. Rxd1 Rxe7 38. Rd6 Re5+
39. Kf4 Re6 40. Rd7+ Kg6 41. Rb7 Re2 42. Rb6 Rxb2 43. Rxa6 Ra2 44. Ra8 b4
45. Rg8+ Kf7 46. Rc8 c3 47. Rc4 c2 48. Ke3 b3 49. Kd2 Ra1 0-1

[Event "38th Olympiad w"]
[Site "Dresden GER"]
[Date "2008.11.25"]
[Round "11"]
[White "Maeckelberg,M"]
[Black "Corbin,R"]
[Result "1-0"]
[WhiteElo "1959"]
[BlackElo "1876"]
[EventDate "2008.11.13"]

1. e4 e5 2. Nf3 Nc6 3. Bc4 Bc5 4. c3 Nf6 5. d4 exd4 6. cxd4 Bb4+ 7. Bd2
Bxd2+ 8. Nbxd2 d5 9. exd5 Nxd5 10. Qb3 Nce7 11. O-O O-O 12. Rfe1 c6 13. a4
Qc7 14. Rac1 Be6 15. Ng5 Qd7 16. Nxe6 fxe6 17. Ne4 Kh8 18. Ng5 Rf6 19. Qh3
h6 20. Nxe6 Nf5 21. Nc5 Qc7 22. Bxd5 cxd5 23. Ne4 Rc6 24. Rxc6 Qxc6 25.
Qxf5 dxe4 26. Qxe4 Qxa4 27. Qxb7 Rf8 28. Qe7 Rb8 29. Qf7 Qxd4 30. Re8+ Rxe8
31. Qxe8+ Kh7 32. Qe2 a5 33. Qc2+ Kh8 34. Kf1 Qe5 35. g3 Kg8 36. Qe2 Qc5
37. Qd2 Qe5 38. Qc2 Kf7 39. Qe2 Qxe2+ 40. Kxe2 Ke6 41. Kd3 Kd5 42. Kc3 Kc5
43. Kb3 Kb5 44. f4 h5 45. h3 Kc5 46. Ka4 Kc4 47. g4 h4 48. f5 1-0

[Event "38th Olympiad w"]
[Site "Dresden GER"]
[Date "2008.11.25"]
[Round "11"]
[White "Matoussi,Amina"]
[Black "Hansen,Ev"]
[Result "0-1"]
[WhiteElo "1761"]
[BlackElo "2169"]
[EventDate "2008.11.13"]

1. e4 d6 2. d4 Nf6 3. Nc3 e5 4. dxe5 dxe5 5. Qxd8+ Kxd8 6. Bg5 Be6 7.
O-O-O+ Nbd7 8. Nf3 Kc8 9. Bxf6 gxf6 10. Nh4 c6 11. Nf5 Kc7 12. f3 a5 13. a4
Bb4 14. Nb1 Rhg8 15. h4 Rad8 16. Nd2 Nb6 17. b3 Ba3+ 18. Kb1 Rd7 19. g4
Rgd8 20. Bd3 Bb4 21. Kc1 Bxd2+ 22. Rxd2 Bxb3 23. cxb3 Rxd3 24. Rhd1 Rc3+
25. Kb2 Rxd2+ 26. Rxd2 Rxf3 27. Nd6 Rf4 28. g5 f5 29. Nxf7 fxe4 30. Nxe5
Nd5 31. g6 hxg6 32. Nxg6 Rf5 33. Kc1 Kd6 34. Kd1 Kc5 35. Rh2 Rh5 36. Kd2
Kd4 37. Rg2 e3+ 38. Kc2 Nb4+ 39. Kb2 Nd3+ 40. Kb1 Kc3 41. Re2 Kd4 42. Kc2
Rc5+ 43. Kb1 Rc1+ 44. Ka2 Rg1 0-1

[Event "38th Olympiad w"]
[Site "Dresden GER"]
[Date "2008.11.25"]
[Round "11"]
[White "Sanchez Rodriguez,W"]
[Black "Lim,H"]
[Result "1-0"]
[WhiteElo "1773"]
[BlackElo "1566"]
[EventDate "2008.11.13"]

1. e4 c5 2. Nc3 Nc6 3. g3 Nf6 4. Bg2 d6 5. d3 e6 6. Nge2 Be7 7. O-O O-O 8.
Be3 d5 9. exd5 exd5 10. d4 c4 11. Nf4 Be6 12. h4 Bd6 13. Nh5 Be7 14. Qf3
Qb6 15. Nxf6+ Bxf6 16. Nxd5 Bxd5 17. Qxd5 Bxd4 18. Bxd4 Nxd4 19. Qxc4 Rac8
20. Qd3 Rxc2 21. b3 Rd8 22. Qe4 Nc6 23. Qxc2 Nd4 24. Qe4 Nc6 25. Rad1 1-0

[Event "38th Olympiad w"]
[Site "Dresden GER"]
[Date "2008.11.25"]
[Round "11"]
[White "Gonzalez,Yar"]
[Black "Vargas,Ga"]
[Result "0-1"]
[WhiteElo "1912"]
[BlackElo "2055"]
[EventDate "2008.11.13"]

1. b3 d5 2. Bb2 c5 3. d3 Nc6 4. Nf3 f6 5. e3 e5 6. Be2 Be6 7. Nbd2 Bd6 8.
c4 d4 9. exd4 exd4 10. Ne4 Nge7 11. Nxd6+ Qxd6 12. Qd2 a5 13. O-O Ng6 14.
Rfe1 O-O 15. a3 Rfe8 16. Qc2 Bf5 17. Rad1 Re7 18. Bf1 Rae8 19. Rxe7 Rxe7
20. Re1 Nce5 21. Nxe5 Nxe5 22. Qd2 Ng4 23. g3 Ne5 24. Be2 Bxd3 25. Bd1 Bg6
26. Qxa5 Nd3 27. Rxe7 Qxe7 28. Ba1 b6 29. Qd2 Ne1 30. b4 Qe4 31. f3 Nxf3+
32. Bxf3 Qxf3 33. Qg2 Qxg2+ 34. Kxg2 Bd3 35. Kf3 Kf7 36. bxc5 bxc5 37. a4
Ke6 38. Bb2 Kd6 39. Bc1 Bxc4 40. Ke4 Bb3 41. Bf4+ Kc6 42. a5 Bc2+ 43. Kf3
Kd5 44. a6 Be4+ 45. Ke2 Kc4 46. Kd2 Kb3 47. Bd6 c4 48. Bf8 c3+ 49. Kc1 d3
0-1

[Event "38th Olympiad w"]
[Site "Dresden GER"]
[Date "2008.11.25"]
[Round "11"]
[White "Naipal,V"]
[Black "Yueh, Elsa Wei Chung"]
[Result "1-0"]
[WhiteElo "1790"]
[BlackElo "1612"]
[EventDate "2008.11.13"]

1. d4 Nf6 2. c4 g6 3. Nc3 Bg7 4. e4 d6 5. f3 O-O 6. Be3 e5 7. d5 Nh5 8. Qd2
Nd7 9. O-O-O a5 10. g4 Nhf6 11. Bg5 Nc5 12. Nge2 Bd7 13. Kb1 Qb8 14. Ng3
Na4 15. Rc1 Nxc3+ 16. Rxc3 a4 17. h4 Rc8 18. h5 Be8 19. hxg6 fxg6 20. Bxf6
Bxf6 21. Qh6 Kf7 22. Qxh7+ Bg7 23. g5 Bd7 24. Bh3 Rh8 25. Be6+ Bxe6 26.
dxe6+ Kf8 27. Qxh8+ Bxh8 28. Rxh8+ Ke7 29. Rxb8 Rxb8 30. c5 Kxe6 31. cxd6
Kxd6 32. Ne2 Rh8 33. Rd3+ Kc6 34. Rd5 Rh3 35. Rxe5 Rxf3 36. Nd4+ 1-0

[Event "38th Olympiad w"]
[Site "Dresden GER"]
[Date "2008.11.25"]
[Round "11"]
[White "Nakagawa,E"]
[Black "Ui Laighleis,G"]
[Result "1/2-1/2"]
[WhiteElo "1860"]
[BlackElo "1935"]
[EventDate "2008.11.13"]

1. d4 Nf6 2. c4 g6 3. Nf3 Bg7 4. g3 O-O 5. Bg2 d5 6. O-O c5 7. cxd5 cxd4 8.
Nxd4 Nxd5 9. e3 Nb6 10. Nc3 e5 11. Ndb5 Qxd1 12. Rxd1 Nc6 13. b3 Bg4 14. f3
Bf5 15. Bb2 a6 16. Nd6 Rab8 17. Nxf5 gxf5 18. Nd5 Nxd5 19. Rxd5 Nb4 20. Rd2
Rfd8 21. Rad1 Rxd2 22. Rxd2 h6 23. Bh3 e4 24. Bxg7 Kxg7 25. Bxf5 exf3 26.
Kf2 Nc6 27. Kxf3 Re8 28. Kf4 Re7 29. Rd7 Kf6 30. Rxe7 Nxe7 31. e4 b6 32.
e5+ Kg7 33. Be4 a5 34. Ke3 f6 35. exf6+ Kxf6 36. Kd4 Ke6 37. g4 Kd6 38. h4
Ng8 39. g5 hxg5 40. hxg5 b5 41. Bh7 Ne7 42. g6 Nf5+ 43. Ke4 Ng7 44. Bg8 Kc5
45. a3 Kd6 46. Bf7 Kc5 47. Ke5 Nh5 48. Ke6 Ng7+ 49. Kd7 Kb6 50. Ke7 Kc5 51.
Kf8 Nh5 52. g7 Nxg7 53. Kxg7 Kd4 54. Kf6 Kc3 55. Ke5 a4 56. bxa4 1/2-1/2

[Event "38th Olympiad w"]
[Site "Dresden GER"]
[Date "2008.11.25"]
[Round "11"]
[White "Shaughnessy,E"]
[Black "Uchida,N"]
[Result "1-0"]
[WhiteElo "1899"]
[BlackElo "1822"]
[EventDate "2008.11.13"]

1. e4 e5 2. Nf3 Nc6 3. Bc4 Nf6 4. d3 Bc5 5. c3 d6 6. h3 h6 7. Nbd2 O-O 8.
O-O Be6 9. Bb5 Re8 10. Re1 a6 11. Ba4 b5 12. Bc2 d5 13. Nb3 Bb6 14. d4 dxe4
15. Nxe5 Bd5 16. Bf4 Bxb3 17. axb3 Qd5 18. b4 Nxe5 19. Bxe5 Re7 20. Bxf6
gxf6 21. Qg4+ Qg5 22. Rxe4 Rae8 23. Rxe7 Rxe7 24. Qxg5+ fxg5 25. Kf1 Re6
26. Rxa6 Rf6 27. Bd3 Bxd4 28. Rxf6 Bxf6 29. Bxb5 Kf8 30. Ke2 Ke7 31. Bc6
Kd6 32. b5 Be5 33. Kd3 Kc5 34. b4+ Kb6 35. c4 f5 36. f3 f4 37. Ke4 Bb2 38.
Kf5 Ba3 39. Kg6 Bxb4 40. Kxh6 Be7 41. Kh5 Kc5 42. Bd5 Kb6 43. Kg4 Kc5 44.
h4 gxh4 45. Kxf4 Kd6 46. Kg4 Ke5 47. f4+ Kf6 48. f5 Kg7 49. Be6 Kf8 50. g3
hxg3 51. Kxg3 Kg7 52. Kf4 Kf6 53. Ke4 Bd6 54. Kd5 Bg3 55. Kc6 Ke7 56. b6
cxb6 57. Kxb6 Kd8 58. Kc6 Bf4 59. f6 Be5 60. f7 Ke7 61. Kd5 Bf4 62. Kc6 Bh6
63. Bd5 Bf4 64. c5 Bc1 65. Kb7 Bf4 66. c6 Bd6 67. c7 Bxc7 68. Kxc7 Kf8 69.
Kd6 Kg7 70. Bc4 1-0

[Event "38th Olympiad w"]
[Site "Dresden GER"]
[Date "2008.11.25"]
[Round "11"]
[White "Soondarsingh,A"]
[Black "Pulpan,O"]
[Result "0-1"]
[WhiteElo "1867"]
[BlackElo "1682"]
[EventDate "2008.11.13"]

1. e4 c5 2. Nf3 g6 3. d4 Bg7 4. dxc5 Qa5+ 5. c3 Qxc5 6. Be3 Qa5 7. Bc4 Nf6
8. Nbd2 O-O 9. O-O d6 10. Bb3 Nc6 11. Re1 Bg4 12. h3 Bxf3 13. Qxf3 Ne5 14.
Qe2 b6 15. f4 Ned7 16. Rf1 Qh5 17. Qe1 Qb5 18. f5 Ne5 19. Qh4 a5 20. Bh6 a4
21. Bxg7 Kxg7 22. Bd1 Qxb2 23. Nf3 Qxa1 24. fxg6 hxg6 25. Ng5 Rh8 26. Qf4
Qxc3 27. Be2 Rac8 28. Ba6 Qd4+ 29. Kh1 Rc2 30. Bb7 Rxa2 31. Qc1 Qd2 0-1

[Event "38th Olympiad w"]
[Site "Dresden GER"]
[Date "2008.11.25"]
[Round "11"]
[White "Smith,Ja"]
[Black "Sciortino,Mar"]
[Result "1-0"]
[WhiteElo "2001"]
[BlackElo "2005"]
[EventDate "2008.11.13"]

1. e4 e5 2. Nf3 Nc6 3. Bc4 Bc5 4. Nc3 d6 5. h3 Nf6 6. d3 Be6 7. Bb3 Bxb3 8.
axb3 a6 9. O-O O-O 10. Bg5 h6 11. Bh4 Re8 12. Qd2 Re6 13. Nd5 Nd4 14. Nxf6+
gxf6 15. Nxd4 Bxd4 16. c3 Ba7 17. Qxh6 f5 18. Qxe6 fxe6 19. Bxd8 Rxd8 20.
exf5 Kf7 21. fxe6+ Kxe6 22. Rae1 d5 23. d4 e4 24. f3 1-0

[Event "38th Olympiad w"]
[Site "Dresden GER"]
[Date "2008.11.25"]
[Round "11"]
[White "Elfelo,K"]
[Black "Lyons,K"]
[Result "0-1"]
[WhiteElo "1875"]
[BlackElo "1840"]
[EventDate "2008.11.13"]

1. e4 c5 2. Nf3 Nc6 3. Bc4 Nf6 4. Nc3 a6 5. O-O e6 6. e5 Ng4 7. Re1 d6 8.
exd6 Bxd6 9. d4 cxd4 10. Nxd4 Bxh2+ 11. Kh1 Nxf2+ 12. Kxh2 Nxd1 13. Rxd1
Nxd4 14. Be3 Qh4+ 15. Kg1 Nxc2 16. Rac1 Nxe3 17. Rd3 Nxc4 18. b3 Ne5 19.
Rd2 b5 20. Re1 Qg3 21. Ne4 Qxe1+ 22. Kh2 Qxe4 23. Rf2 Ng4+ 24. Kg3 Nxf2 25.
Kxf2 Bb7 26. a3 Rc8 27. g3 Rc2+ 28. Kg1 Qg2+ 0-1